[Event "BRA CEAX op 2nd "]
[Site "Brazil"]
[Date "2003.07.05"]
[Round "2"]
[White "Laquini, B."]
[Black "Luz, Jose Stenio Ferreir"]
[Result "1/2-1/2"]
[WhiteElo "1815"]
[BlackElo "1847"]
[PlyCount "65"]
[EventDate "2003.07.??"]
[EventType "swiss"]
[EventRounds "6"]
[EventCountry "BRA"]
[SourceTitle "EXT 2006"]
[Source "ChessBase"]
[SourceDate "2005.11.24"]
[SourceVersion "1"]
[SourceVersionDate "2005.11.24"]
[SourceQuality "1"]

1. e4 c5 2. Nf3 e6 3. d4 cxd4 4. Nxd4 Nc6 5. Nc3 Nf6 6. Ndb5 d6 7. Bf4 e5 8. Bg5 a6 9. Na3 Be7 10. Qd2 b5 11. Bxf6 Bxf6 12. Nd5 0-0 13. Nxf6+ Qxf6 14. 0-0-0 Rd8 15. f3 Be6 16. Kb1 d5 17. exd5 Rxd5 18. Bd3 Rad8 19. Qe2 Nb4 20. Be4 Rxd1+ 21. Rxd1 Rxd1+ 22. Qxd1 Bxa2+ 23. Ka1 Be6 24. c3 Na2 25. Qd6 g6 26. Qxa6 b4 27. cxb4 Nxb4 28. Qb6 Qe7 29. Qb8+ Qf8 30. Qxe5 Qd8 31. Qc3 Qd1+ 32. Bb1 Nd5 33. Qc2 1/2-1/2